Le piú belle poesie di Guillaume Apollinaire /
I tiakina i:
| Kaituhi matua: | |
|---|---|
| Ētahi atu kaituhi: | |
| Hōputu: | Pukapuka |
| Reo: | Itāriana Wīwī |
| I whakaputaina: |
Milano :
Crocetti,
\1994!
|
| Rangatū: | Omicron ;
8 |
| Ngā Tūtohu: |
Kāore He Tūtohu, Me noho koe te mea tuatahi ki te tūtohu i tēnei pūkete!
|
MARC
| LEADER | 00000nam a2200000 i 4500 | ||
|---|---|---|---|
| 001 | IT\ICCU\MIL\0215057 | ||
| 003 | ItRI | ||
| 005 | 20260115232306.0 | ||
| 008 | 940909s1994 it |||||| ||||| |||||c | ||
| 015 | |2 IT |a 94-10290 | ||
| 040 | |b ita |c importazione bologna sebina | ||
| 041 | 7 | |a ita |a fre |2 ISO-639-2 | |
| 082 | |a 841.912 |9 POESIA FRANCESE. 1900-1945 |2 20 | ||
| 100 | 1 | |a Apollinaire, Guillaume |0 IT\ICCU\CFIV\008670 |4 aut | |
| 245 | 1 | 3 | |a Le piú belle poesie di Guillaume Apollinaire / |c a cura di Giorgio Luzzi. |
| 260 | |a Milano : |b Crocetti, |c \1994! | ||
| 300 | |a 89 p. : |b 1 ritr. ; |c 15 cm | ||
| 500 | |a Trad. italiana a fronte. | ||
| 700 | 1 | |a Luzzi, Giorgio, |d (1940- ) |0 IT\ICCU\CFIV\011001 | |
| 790 | 1 | |a Kostrowicki, Wilhelm |3 IT\ICCU\CFIV\008672 |z Apollinaire, Guillaume | |
| 830 | 0 | |a Omicron ; |v 8 |0 IT\ICCU\MIL\0205387 | |
| 942 | |2 ddc |c BK |n 0 | ||
| 952 | |0 0 |1 0 |4 0 |6 DOC_841_910000000000000_LUZ |7 0 |9 23686 |a BO |b BO |d 2026-01-15 |i 15106 |l 0 |o DOC 841.91 LUZ |p BO15106 |r 2026-01-15 23:23:06 |w 2026-01-15 |x [Sebina 5] [1 v.] |y BK |z 1 v. | ||
| 999 | |c 20170 |d 20170 | ||